000 00643nam a2200145 a 4500
001 000030366
005 20200930062257.0
008 110411s2003 dr r 000 0 spa d
040 _aDO-SdBNP
_bspa
_cBNPHU
082 _axxx
_bM935
110 1 _aMovimiento médico Dr. Tejada Florentino
_955735
245 1 0 _aEstatutos. :
_bEstos estatutos contienen las modificaciones aprobadas por el movimiento médico Dr. Tejada Florentino de la Asociación Médica Dominicana, en su XV asamblea ordinaria anual, celebrada el 26 de enero de 2002 en la sede central del AMD./.
260 _aSanto Domingo, :
_bEditora Búho,
_c2003.
300 _a23 p. ;
_c22 cm.
999 _c29858
_d29858